[Event "SERBIA CHESS OPEN 2021 - MASTERS"]
[Site "Belgrade, Hotel Metropol"]
[Date "2021.07.02"]
[Round "1.1"]
[White "Fedoseev, Vladimir"]
[Black "Silich, Yahor"]
[Result "1-0"]
[WhiteElo "2696"]
[BlackElo "2319"]
[PlyCount "69"]
[EventDate "2021.??.??"]

1. Nf3 Nf6 2. c4 g6 3. Nc3 Bg7 4. e4 d6 5. d4 O-O 6. Be2 e5 7. O-O Nbd7 8. Qc2
c6 9. Rd1 Qe7 10. d5 c5 11. g3 Ne8 12. Nh4 Nb8 13. Kh1 Na6 14. a3 Bd7 15. Rg1
Nec7 16. Be3 Rfb8 17. Rab1 b5 18. cxb5 Nxb5 19. Nxb5 Bxb5 20. Bxb5 Rxb5 21. Nf3
Rab8 22. Nd2 Rf8 23. b4 cxb4 24. Qc6 Qb7 25. Nc4 Rd8 26. Bxa7 Qxc6 27. dxc6 b3
28. Bb6 Ra8 29. Rgd1 Nc5 30. c7 Ne6 31. Rxd6 Bf6 32. Rc6 Rc8 33. Nd6 Rxb6 34.
Rxb6 Rxc7 35. Ne8 1-0

[Event "SERBIA CHESS OPEN 2021 - MASTERS"]
[Site "Belgrade, Hotel Metropol"]
[Date "2021.07.02"]
[Round "1.2"]
[White "Sterck, Arno"]
[Black "Kuzubov, Yuriy"]
[Result "0-1"]
[WhiteElo "2319"]
[BlackElo "2653"]
[PlyCount "84"]
[EventDate "2021.??.??"]

1. Nf3 d5 2. e3 Nf6 3. c4 c5 4. cxd5 Nxd5 5. Nc3 Nxc3 6. bxc3 g6 7. Bb5+ Nd7 8.
O-O Bg7 9. d4 O-O 10. Rb1 Nf6 11. Ba3 b6 12. dxc5 Qc7 13. Nd4 bxc5 14. Qf3 Bg4
15. Qc6 Rac8 16. Qxc7 Rxc7 17. Nb3 Ne4 18. f3 Nxc3 19. fxg4 Nxb5 20. Bxc5 Nc3
21. Rbe1 Nxa2 22. Bd4 Rb8 23. Nc5 Nb4 24. Ne4 Bxd4 25. exd4 Nc2 26. Rc1 Rcc8
27. Ng5 Ne3 28. Rxc8+ Rxc8 29. Re1 Nd5 30. Ra1 h6 31. Ne4 Rc7 32. g5 hxg5 33.
Nxg5 Nf4 34. Kf2 Rc2+ 35. Kf3 Nxg2 36. Rxa7 Nh4+ 37. Kg4 Nf5 38. Nf3 Re2 39.
Kf4 f6 40. h4 Nd6 41. Kg3 Re4 42. Kh3 Nf5 0-1

[Event "SERBIA CHESS OPEN 2021 - MASTERS"]
[Site "Belgrade, Hotel Metropol"]
[Date "2021.07.02"]
[Round "1.3"]
[White "Kovalenko, Igor"]
[Black "Pasti, Aron"]
[Result "1-0"]
[WhiteElo "2643"]
[BlackElo "2318"]
[PlyCount "149"]
[EventDate "2021.??.??"]

1. e4 e5 2. Nf3 Nc6 3. Bb5 a6 4. Ba4 Nf6 5. d4 exd4 6. O-O Be7 7. e5 Ne4 8.
Nxd4 Nxd4 9. Qxd4 Nc5 10. Nc3 O-O 11. Bb3 Nxb3 12. cxb3 d6 13. Bf4 dxe5 14.
Qxe5 Bd6 15. Qd4 Bxf4 16. Qxf4 Be6 17. Rfe1 c6 18. Rac1 Qa5 19. Re5 Qc7 20. Qg3
Kh8 21. Ne2 Rae8 22. Nf4 Qxe5 23. Ng6+ fxg6 24. Qxe5 Bxb3 25. Qa5 Bd5 26. Qb6
Rf7 27. h3 h6 28. a3 Kh7 29. Rc2 Re5 30. Kh2 Rg5 31. f3 Re5 32. Qd4 Rfe7 33. a4
R5e6 34. h4 Re5 35. Kg1 Re8 36. Kf2 R8e7 37. Rd2 R7e6 38. Qc3 Re7 39. Qc2 R7e6
40. Rd4 Kg8 41. Rg4 Kh7 42. Rf4 h5 43. Qd2 Re7 44. Kf1 R7e6 45. Kg1 Re1+ 46.
Kf2 R1e5 47. Qb4 Re2+ 48. Kg3 Re7 49. Rf8 R2e6 50. Qb6 Rd7 51. Qa7 Rf6 52. Rc8
Rf5 53. Qb8 g5 54. Rh8+ Kg6 55. Qe8+ Rdf7 56. hxg5 Kxg5 57. Kf2 Kf6 58. Qe3 Kg6
59. Qd3 Kg5 60. Re8 Rf8 61. Re3 R8f7 62. Ke1 Kh6 63. Kd2 Rf4 64. Re8 Rf8 65.
Re5 R4f7 66. Qe3+ Kh7 67. Rxh5+ Kg8 68. Qd3 Rf6 69. Qh7+ Kf7 70. Rg5 Rg8 71.
Kc3 b5 72. a5 Bc4 73. Kb4 Be6 74. Kc5 Bd5 75. Rf5 1-0

[Event "SERBIA CHESS OPEN 2021 - MASTERS"]
[Site "Belgrade, Hotel Metropol"]
[Date "2021.07.02"]
[Round "1.4"]
[White "Bodiroga, Predrag"]
[Black "Ter-Sahakyan, Samvel"]
[Result "0-1"]
[WhiteElo "2316"]
[BlackElo "2643"]
[PlyCount "84"]
[EventDate "2021.??.??"]

1. d4 Nf6 2. c4 e6 3. Nf3 d5 4. Nc3 Bb4 5. cxd5 exd5 6. Bg5 h6 7. Bh4 O-O 8. e3
Bf5 9. Bd3 Bxd3 10. Qxd3 c6 11. O-O Nbd7 12. Ne5 Be7 13. Nxd7 Nxd7 14. Bxe7
Qxe7 15. b4 f5 16. f3 a6 17. Rfe1 Nb6 18. Rab1 Rae8 19. a4 Nc4 20. e4 fxe4 21.
Nxe4 b6 22. Qc3 Qh4 23. a5 bxa5 24. bxa5 Nxa5 25. Nd6 Rd8 26. Re6 Rf6 27. Qe3
Nc4 28. Re8+ Rxe8 29. Qxe8+ Kh7 30. Nxc4 dxc4 31. Qe5 Qf4 32. Ra1 Qd2 33. Qe4+
Rg6 34. f4 c3 35. h4 c2 36. h5 Qd1+ 37. Kf2 Qxh5 38. Qxc2 Qh4+ 39. Kg1 Qxf4 40.
Ra4 Qe3+ 41. Kh2 Qg3+ 42. Kh1 Kh8 0-1

[Event "SERBIA CHESS OPEN 2021 - MASTERS"]
[Site "Belgrade, Hotel Metropol"]
[Date "2021.07.02"]
[Round "1.5"]
[White "Hovhannisyan, Robert"]
[Black "Barseghyan, Armen Ar"]
[Result "1/2-1/2"]
[WhiteElo "2632"]
[BlackElo "2316"]
[PlyCount "118"]
[EventDate "2021.??.??"]

1. e4 c5 2. Nf3 Nc6 3. d4 cxd4 4. Nxd4 g6 5. c4 Nf6 6. Nc3 d6 7. Be2 Bg7 8. Be3
O-O 9. O-O Bd7 10. Re1 Nxd4 11. Bxd4 Bc6 12. Qc2 a5 13. b3 Nd7 14. Bxg7 Kxg7
15. Bf1 Re8 16. Rad1 Kg8 17. Re3 Qb6 18. a3 Qc5 19. Qc1 Qe5 20. g3 b6 21. Bh3
Nf6 22. Bg2 Qh5 23. h3 Rac8 24. Qb2 Bd7 25. e5 dxe5 26. g4 Qg5 27. Nd5 Nxd5 28.
Rxd5 Bc6 29. Rdxe5 Qf6 30. Bxc6 Rxc6 31. g5 Qg7 32. Qd4 e6 33. Qf4 Qf8 34. a4
Rd8 35. h4 Rd1+ 36. Kg2 Rcd6 37. Qf3 R6d4 38. h5 gxh5 39. Qxh5 Rb1 40. Rh3 Qg7
41. Ree3 Rdd1 42. Rd3 Rg1+ 43. Kf3 Rbd1 44. Rxd1 Rxd1 45. Kg2 Rd4 46. Qf3 Qe5
47. g6 fxg6 48. Qa8+ Kg7 49. Qb7+ Kf6 50. Rf3+ Rf4 51. Rxf4+ Qxf4 52. Qxb6 Qg4+
53. Kf1 Qd1+ 54. Kg2 h5 55. Qxa5 Qg4+ 56. Kf1 Qd1+ 57. Kg2 Qg4+ 58. Kf1 Qd1+
59. Kg2 Qg4+ 1/2-1/2

[Event "SERBIA CHESS OPEN 2021 - MASTERS"]
[Site "Belgrade, Hotel Metropol"]
[Date "2021.07.02"]
[Round "1.6"]
[White "Savicevic, Vlatko"]
[Black "Petrosyan, Manuel"]
[Result "0-1"]
[WhiteElo "2315"]
[BlackElo "2632"]
[PlyCount "134"]
[EventDate "2021.??.??"]

1. e4 e5 2. Nf3 Nc6 3. Bb5 a6 4. Ba4 Nf6 5. O-O Bc5 6. d3 b5 7. Bb3 d6 8. a4
Rb8 9. axb5 axb5 10. c3 O-O 11. Re1 h6 12. h3 Re8 13. Nbd2 Ne7 14. d4 exd4 15.
cxd4 Bb6 16. Nf1 Ng6 17. Ng3 c5 18. d5 Bd7 19. Bc2 Ra8 20. Be3 Rxa1 21. Qxa1 c4
22. Qa6 Bxe3 23. Rxe3 Qc7 24. Nd4 Rb8 25. b4 cxb3 26. Bxb3 Qc1+ 27. Nf1 Qc5 28.
Qa1 Ne5 29. Ng3 g6 30. Nf3 Re8 31. Nxe5 Rxe5 32. Kh2 h5 33. Qe1 Re8 34. Qa1 Re5
35. Qe1 Qd4 36. Ne2 Qa7 37. Ng1 Re8 38. Nf3 Qc5 39. Ng5 Qd4 40. Nf3 Qb2 41. Qd2
Qxd2 42. Nxd2 h4 43. Kg1 Kg7 44. Kf1 g5 45. Ke2 Nh5 46. Rc3 Nf4+ 47. Kf3 Kf6
48. Rc7 Re7 49. Rc1 Ke5 50. Nf1 f5 51. exf5 Bxf5 52. Re1+ Kf6 53. Rxe7 Kxe7 54.
Ne3 Kf6 55. g3 hxg3 56. fxg3 Nxh3 57. Nd1 Ke5 58. Nc3 Bd7 59. Ke3 g4 60. Ne2
Ng5 61. Nd4 Nf3 62. Nc6+ Kf6 63. Bd1 Ne5 64. Nb4 Ng6 65. Bc2 Bf5 66. Bd1 Ke5
67. Bb3 Ne7 0-1

[Event "SERBIA CHESS OPEN 2021 - MASTERS"]
[Site "Belgrade, Hotel Metropol"]
[Date "2021.07.02"]
[Round "1.7"]
[White "Pichot, Alan"]
[Black "Dimitrov, Vladimir"]
[Result "1-0"]
[WhiteElo "2630"]
[BlackElo "2314"]
[PlyCount "79"]
[EventDate "2021.??.??"]

1. e4 c5 2. Nf3 e6 3. d4 cxd4 4. Nxd4 Nc6 5. Nc3 Qc7 6. Be3 a6 7. Qf3 Bd6 8.
O-O-O Be5 9. g3 Nge7 10. Nde2 b5 11. Qg4 h5 12. Qg5 d6 13. Bf4 Ng6 14. Bxe5
dxe5 15. Kb1 Bb7 16. Qe3 Rc8 17. Rd2 O-O 18. Bg2 Rfd8 19. Rhd1 Rxd2 20. Rxd2
Rd8 21. a4 Rxd2 22. Qxd2 Qb6 23. axb5 axb5 24. Nc1 h4 25. Qe3 Qxe3 26. fxe3 Na7
27. Ka2 hxg3 28. hxg3 Kh7 29. Kb3 Kh6 30. Kb4 Kg5 31. Kc5 Nc8 32. Nxb5 Kg4 33.
Ne2 Nf8 34. c4 Nd7+ 35. Kb4 Nf6 36. Nbc3 Nh5 37. c5 Ba6 38. Ka5 Bxe2 39. Nxe2
Nxg3 40. Ng1 1-0

[Event "SERBIA CHESS OPEN 2021 - MASTERS"]
[Site "Belgrade, Hotel Metropol"]
[Date "2021.07.02"]
[Round "1.8"]
[White "Martic, Ivan"]
[Black "Nihal, Sarin"]
[Result "0-1"]
[WhiteElo "2314"]
[BlackElo "2620"]
[PlyCount "46"]
[EventDate "2021.??.??"]

1. c4 Nf6 2. Nf3 e6 3. Nc3 d5 4. d4 dxc4 5. Qa4+ c6 6. Qxc4 b5 7. Qd3 a6 8. a4
Bb7 9. e4 b4 10. Ne2 c5 11. Ng3 cxd4 12. e5 Nfd7 13. Ne4 Nc6 14. Bf4 Qa5 15.
Be2 b3+ 16. Kf1 Nb4 17. Qxd4 Nc2 18. Nd6+ Bxd6 19. Qxd6 Nxa1 20. Bb5 O-O-O 21.
Ke2 Nc2 22. Rd1 axb5 23. Rd3 Bxf3+ 0-1

[Event "SERBIA CHESS OPEN 2021 - MASTERS"]
[Site "Belgrade, Hotel Metropol"]
[Date "2021.07.02"]
[Round "1.9"]
[White "Indjic, Aleksandar"]
[Black "Velikic, Adela"]
[Result "1-0"]
[WhiteElo "2607"]
[BlackElo "2308"]
[PlyCount "119"]
[EventDate "2021.??.??"]

1. d4 d5 2. c4 dxc4 3. Nf3 Nf6 4. e3 e6 5. Bxc4 c5 6. O-O a6 7. b3 cxd4 8. Nxd4
Be7 9. Bb2 O-O 10. Nd2 Bd7 11. Be2 Nc6 12. Bf3 Rc8 13. Rc1 Nxd4 14. Bxd4 Bb5
15. Nc4 Bxc4 16. bxc4 Qc7 17. Rb1 Qxc4 18. Rxb7 Bc5 19. Bxf6 gxf6 20. Bh5 Ba3
21. Qd7 e5 22. Qf5 Kg7 23. Bf3 Qh4 24. Be4 Rc4 25. Bd3 Rg4 26. g3 Rg5 27. Qf3
Qg4 28. Qg2 a5 29. h4 Rh5 30. Be4 Rh6 31. Bf3 Qc8 32. Bd5 f5 33. Rfb1 Bd6 34.
Ra7 Qc5 35. Rbb7 Rf6 36. h5 Bb8 37. Ra8 Bd6 38. Ra6 Qc1+ 39. Qf1 Qxf1+ 40. Kxf1
Bb4 41. Raa7 Kh6 42. Rxf7 R8xf7 43. Bxf7 Kg5 44. Kg2 f4 45. Bd5 fxe3 46. fxe3
Kxh5 47. Rxh7+ Kg5 48. Bf3 Rf8 49. g4 Kf6 50. Rh6+ Ke7 51. Bd5 Rf6 52. Rh7+ Kd6
53. Be4 Bd2 54. g5 Rf8 55. g6 Rg8 56. Kf3 Ke6 57. Rf7 Bb4 58. Bf5+ Kd5 59. e4+
Kd4 60. g7 1-0

[Event "SERBIA CHESS OPEN 2021 - MASTERS"]
[Site "Belgrade, Hotel Metropol"]
[Date "2021.07.02"]
[Round "1.10"]
[White "Kalogeris, Ioannis"]
[Black "Bernadskiy, Vitaliy"]
[Result "1/2-1/2"]
[WhiteElo "2307"]
[BlackElo "2606"]
[PlyCount "109"]
[EventDate "2021.??.??"]

1. e4 c5 2. Nf3 Nc6 3. Nc3 e5 4. Bc4 Be7 5. d3 Nf6 6. Bg5 d6 7. Bxf6 Bxf6 8.
Nd5 O-O 9. h4 Be6 10. Ne3 b5 11. Bd5 Bxd5 12. Nxd5 Nb4 13. Nc3 Qd7 14. Nd2 Bd8
15. a3 Nc6 16. Nxb5 Rb8 17. Nc3 Rxb2 18. Nc4 Rb7 19. Rb1 Rxb1 20. Qxb1 Nd4 21.
f3 Qe6 22. Nd5 Nf5 23. h5 Ng3 24. Rh3 f5 25. Qb7 f4 26. Qxa7 Bg5 27. a4 h6 28.
a5 Qe8 29. Nc3 d5 30. exd5 e4 31. Nd6 Qe5 32. Ndxe4 Nxe4 33. Nxe4 Rb8 34. Kd2
Rb1 35. Qxc5 Qb8 36. Nc3 Ra1 37. Qb6 Qf8 38. Qe6+ Kh8 39. d6 Bf6 40. Nd5 Qa8
41. a6 Bg5 42. Ne7 Qd8 43. Ng6+ Kh7 44. Qf5 Kg8 45. Qb5 Bf6 46. Qd5+ Kh7 47.
Qf5 Kg8 48. Qc5 Kh7 49. d7 Qb8 50. Qf8 Bc3+ 51. Kxc3 Qc7+ 52. Kb2 Ra2+ 53. Kxa2
Qxc2+ 54. Ka3 Qb3+ 55. Kxb3 1/2-1/2

[Event "SERBIA CHESS OPEN 2021 - MASTERS"]
[Site "Belgrade, Hotel Metropol"]
[Date "2021.07.02"]
[Round "1.11"]
[White "Ivanisevic, Ivan"]
[Black "Czerw, Dawid"]
[Result "1-0"]
[WhiteElo "2606"]
[BlackElo "2306"]
[PlyCount "69"]
[EventDate "2021.??.??"]

1. d4 d5 2. c4 c6 3. cxd5 cxd5 4. Bf4 Nc6 5. e3 Nf6 6. Bb5 Bd7 7. Nf3 a6 8.
Bxc6 Bxc6 9. Ne5 e6 10. O-O Be7 11. Nxc6 bxc6 12. Nd2 O-O 13. Rc1 Qb6 14. Qb3
Qa5 15. Nf3 Nh5 16. Be5 c5 17. Qb7 Rfe8 18. Bc7 Qb4 19. Qxb4 cxb4 20. Ne5 Ra7
21. Rc6 Nf6 22. Rfc1 a5 23. Bb6 Raa8 24. Bc5 Bd8 25. f3 h5 26. Kf2 g6 27. Ke2
Kg7 28. Bd6 Ra7 29. Rc8 Rb7 30. b3 Bb6 31. R1c6 Rxc8 32. Rxc8 Nd7 33. Nc6 f6
34. Re8 e5 35. Re7+ 1-0

[Event "SERBIA CHESS OPEN 2021 - MASTERS"]
[Site "Belgrade, Hotel Metropol"]
[Date "2021.07.02"]
[Round "1.12"]
[White "Krasteva, Beloslava"]
[Black "Shevchenko, Kirill"]
[Result "0-1"]
[WhiteElo "2305"]
[BlackElo "2605"]
[PlyCount "86"]
[EventDate "2021.??.??"]

1. d4 d6 2. c4 e5 3. d5 Be7 4. Nc3 Bg5 5. e3 f5 6. Nf3 Bh6 7. e4 Bxc1 8. Rxc1
Nf6 9. Bd3 fxe4 10. Nxe4 Nxe4 11. Bxe4 Nd7 12. Bf5 Qf6 13. Qc2 g6 14. Be6 Nc5
15. Bxc8 Rxc8 16. Nd2 O-O 17. O-O Qf5 18. f3 a5 19. Qb1 Qf4 20. Rcd1 Qe3+ 21.
Kh1 Rf4 22. b3 Rh4 23. Rfe1 Qh6 24. Nf1 Rf8 25. g3 Rh5 26. Kg2 Rhf5 27. Nd2 Rh5
28. Nf1 Rhf5 29. Nd2 R8f7 30. Qc2 Rh5 31. Nf1 e4 32. fxe4 Qf8 33. Rd2 Qc8 34.
Kg1 Qh3 35. a3 Re5 36. Rde2 Rf3 37. Nd2 Rxg3+ 38. hxg3 Qxg3+ 39. Kf1 Rh5 40.
Rf2 Nd3 41. Nf3 Rh1+ 42. Ke2 Qxf2+ 43. Kxd3 Qxf3+ 0-1

[Event "SERBIA CHESS OPEN 2021 - MASTERS"]
[Site "Belgrade, Hotel Metropol"]
[Date "2021.07.02"]
[Round "1.13"]
[White "Safarli, Eltaj"]
[Black "Kukelko, Alexey"]
[Result "1/2-1/2"]
[WhiteElo "2604"]
[BlackElo "2304"]
[PlyCount "111"]
[EventDate "2021.??.??"]

1. e4 c5 2. Nc3 Nc6 3. Bb5 Nd4 4. Nf3 e6 5. O-O a6 6. Bd3 Nc6 7. e5 d5 8. exd6
Bxd6 9. Re1 Nf6 10. Ne4 O-O 11. Nxf6+ Qxf6 12. Be4 Nd4 13. c3 Nxf3+ 14. Qxf3
Qxf3 15. Bxf3 Rb8 16. Rd1 b6 17. d4 Bb7 18. Bxb7 Rxb7 19. Be3 cxd4 20. Bxd4 Rd8
21. Kf1 f6 22. Ke2 Kf7 23. Rd3 e5 24. Be3 Be7 25. Rxd8 Bxd8 26. Rd1 Ke7 27. c4
Rd7 28. Rxd7+ Kxd7 29. a4 a5 30. c5 bxc5 31. Bxc5 Kc6 32. Bf8 g6 33. Kd3 Kd5
34. f3 f5 35. b4 e4+ 36. fxe4+ fxe4+ 37. Ke2 Bc7 38. h3 Kc4 39. bxa5 Bxa5 40.
Bh6 Bc7 41. Bd2 Bd8 42. Be1 Bg5 43. h4 Bf4 44. g3 Bh6 45. g4 Bf4 46. Bd2 Bg3
47. h5 gxh5 48. gxh5 Bh4 49. Bh6 Kb4 50. Ke3 Kxa4 51. Kxe4 Kb5 52. Kd5 Be1 53.
Be3 Bc3 54. Bc5 Bd2 55. Bd4 Bb4 56. Ke4 1/2-1/2

[Event "SERBIA CHESS OPEN 2021 - MASTERS"]
[Site "Belgrade, Hotel Metropol"]
[Date "2021.07.02"]
[Round "1.15"]
[White "Puranik, Abhimanyu"]
[Black "Milikow, Yoav"]
[Result "1-0"]
[WhiteElo "2589"]
[BlackElo "2301"]
[PlyCount "51"]
[EventDate "2021.??.??"]

1. e4 e5 2. Nf3 Nc6 3. Bb5 a6 4. Ba4 Nf6 5. O-O Bc5 6. c3 b5 7. Bb3 d6 8. d3 h6
9. a4 Bb7 10. Re1 O-O 11. Nbd2 Ba7 12. Nf1 Ne7 13. Nh4 Qd7 14. h3 Kh7 15. Ng3
g6 16. d4 exd4 17. cxd4 g5 18. Bc2 gxh4 19. e5+ Ng6 20. exf6 Qc6 21. Be4 d5 22.
Bxg6+ fxg6 23. Re7+ Kg8 24. Rg7+ Kh8 25. Qd2 g5 26. Qd3 1-0

[Event "SERBIA CHESS OPEN 2021 - MASTERS"]
[Site "Belgrade, Hotel Metropol"]
[Date "2021.07.02"]
[Round "1.16"]
[White "Ristic, Luka"]
[Black "Ivic, Velimir"]
[Result "0-1"]
[WhiteElo "2300"]
[BlackElo "2582"]
[PlyCount "74"]
[EventDate "2021.??.??"]

1. d4 Nf6 2. Bf4 g6 3. e3 Bg7 4. Nf3 O-O 5. Be2 d6 6. h3 Nc6 7. Bh2 e5 8. c4
Ne4 9. O-O Qe7 10. d5 Nb8 11. Nfd2 Nxd2 12. Qxd2 Nd7 13. Nc3 a5 14. Qc2 Nc5 15.
b3 f5 16. a3 f4 17. b4 axb4 18. axb4 Rxa1 19. Rxa1 Na6 20. Qb3 fxe3 21. fxe3
Bh6 22. Ne4 Qh4 23. Bf3 Bxh3 24. c5 Bg4 25. Rf1 Bxf3 26. gxf3 Qh3 27. Bg3 Nxb4
28. Rf2 Ra8 29. Rf1 Ra2 30. Bf2 Qxf3 31. Qxb4 Bxe3 32. cxd6 Qg4+ 33. Kh1 Qh3+
34. Kg1 Bf4 35. Nf6+ Kf7 36. Qxf4 exf4 37. d7 f3 0-1

[Event "SERBIA CHESS OPEN 2021 - MASTERS"]
[Site "Belgrade, Hotel Metropol"]
[Date "2021.07.02"]
[Round "1.17"]
[White "Postny, Evgeny"]
[Black "Kostic, Vladimir G"]
[Result "1-0"]
[WhiteElo "2578"]
[BlackElo "2297"]
[PlyCount "75"]
[EventDate "2021.??.??"]

1. d4 d5 2. c4 e6 3. Nf3 c5 4. cxd5 exd5 5. g3 Nc6 6. Bg2 Nf6 7. O-O cxd4 8.
Nxd4 Be7 9. Nc3 O-O 10. b3 Bg4 11. h3 Bd7 12. Bb2 Bc5 13. Nc2 Bf5 14. Rc1 Qe7
15. Nxd5 Nxd5 16. Qxd5 Bg6 17. b4 Bb6 18. b5 Rfd8 19. Qf3 Na5 20. Ne3 Bxe3 21.
Qxe3 Qxe3 22. fxe3 Rac8 23. Bd5 Rxc1 24. Rxc1 Bf5 25. e4 Be6 26. Rc7 Rc8 27.
Be5 Rxc7 28. Bxc7 Nc4 29. a4 b6 30. Bb8 Nb2 31. a5 bxa5 32. Bxa7 Nc4 33. Bc5 a4
34. b6 Bxd5 35. exd5 Na5 36. Kf2 Nb7 37. Bb4 f6 38. Ke3 1-0

[Event "SERBIA CHESS OPEN 2021 - MASTERS"]
[Site "Belgrade, Hotel Metropol"]
[Date "2021.07.02"]
[Round "1.18"]
[White "Klasan, Vladimir"]
[Black "Asadli, Vugar"]
[Result "0-1"]
[WhiteElo "2297"]
[BlackElo "2574"]
[PlyCount "52"]
[EventDate "2021.??.??"]

1. e4 g6 2. d4 Bg7 3. Nc3 a6 4. f4 d6 5. Nf3 Nd7 6. Bd3 c5 7. dxc5 Nxc5 8. O-O
Nf6 9. Kh1 O-O 10. Be3 b6 11. Bd4 Bb7 12. Qe2 Qc7 13. Rad1 b5 14. a3 Rac8 15.
e5 dxe5 16. Bxe5 Qb6 17. Bd4 Rfd8 18. Bg1 Qc7 19. Ne5 e6 20. Qe3 Nxd3 21. Rxd3
Rxd3 22. Nxd3 h5 23. h3 Qc6 24. Qd2 Nd7 25. Nb4 Bxc3 26. bxc3 Qxc3 0-1

[Event "SERBIA CHESS OPEN 2021 - MASTERS"]
[Site "Belgrade, Hotel Metropol"]
[Date "2021.07.02"]
[Round "1.19"]
[White "Dragnev, Valentin"]
[Black "Tisaj, Domen"]
[Result "0-1"]
[WhiteElo "2569"]
[BlackElo "2293"]
[PlyCount "162"]
[EventDate "2021.??.??"]

1. e4 c5 2. Nf3 d6 3. Nc3 Nf6 4. d4 cxd4 5. Nxd4 a6 6. a4 e5 7. Nf3 Be7 8. Bg5
Be6 9. Bxf6 Bxf6 10. Nd5 Nd7 11. Bc4 Rc8 12. Qe2 Nb6 13. Nxb6 Qxb6 14. Bxe6
fxe6 15. c3 O-O 16. O-O d5 17. a5 Qd6 18. Rfe1 Rfe8 19. h3 Rc5 20. Ra4 Qc7 21.
Rea1 Rd8 22. Qd3 Rd7 23. g3 Rb5 24. R1a2 Qc6 25. Qe2 d4 26. cxd4 exd4 27. Qd3
Rxb2 28. Rc4 Rb1+ 29. Qxb1 Qxc4 30. Rc2 Qb5 31. Rb2 Qc6 32. Rb6 Qc3 33. Kg2
Qxa5 34. Qb3 Kf8 35. Qxe6 Qc5 36. Qxd7 Qxb6 37. e5 Be7 38. Nxd4 Kf7 39. h4 h5
40. Qd5+ Ke8 41. Qg8+ Bf8 42. Ne6 Qc6+ 43. Kg1 Qf3 44. Nxg7+ Kd7 45. Qe6+ Kc7
46. Ne8+ Kd8 47. Nf6 Qc6 48. Qg8 Qc1+ 49. Kh2 Qc5 50. Ne4 Qe7 51. Ng5 Kd7 52.
Qd5+ Kc8 53. Ne4 Qd7 54. Qg8 Qd8 55. Nf6 Be7 56. Qe6+ Kb8 57. Kg2 a5 58. Nd7+
Kc7 59. Nb6 Bc5 60. Nd5+ Kb8 61. Nf6 Be7 62. Nxh5 a4 63. Nf6 a3 64. h5 Ka7 65.
h6 Bc5 66. h7 Qd4 67. h8=Q Qxf2+ 68. Kh3 a2 69. Nd7 Qf1+ 70. Kg4 Qe2+ 71. Kh3
Qf1+ 72. Kh4 Qh1+ 73. Qh3 Be7+ 74. Nf6 a1=Q 75. Kg4 Qd4+ 76. Kf5 Qf3+ 77. Ke6
Bxf6 78. Qxf6 Qfd5+ 79. Kf5 Q4e4+ 80. Kg5 Qg8+ 81. Kh5 Qeh7+ 0-1

[Event "SERBIA CHESS OPEN 2021 - MASTERS"]
[Site "Belgrade, Hotel Metropol"]
[Date "2021.07.02"]
[Round "1.20"]
[White "Carnic, Srdjan"]
[Black "Fier, Alexandr"]
[Result "0-1"]
[WhiteElo "2291"]
[BlackElo "2569"]
[PlyCount "72"]
[EventDate "2021.??.??"]

1. Nf3 d5 2. d4 Nf6 3. c4 e6 4. g3 Bb4+ 5. Bd2 Be7 6. Bg2 O-O 7. Qc2 Nbd7 8.
O-O Ne4 9. Be1 c6 10. Nc3 f5 11. Rb1 a5 12. a3 Bf6 13. b4 axb4 14. axb4 Nb6 15.
c5 Nc4 16. Rb3 Bd7 17. Nxe4 fxe4 18. Nd2 Na3 19. Qc1 Nb5 20. e3 e5 21. dxe5
Bxe5 22. Nb1 Be6 23. Qc2 d4 24. Bxe4 Bxb3 25. Qxb3+ Kh8 26. Qe6 Qe8 27. Qh3 g6
28. exd4 Nxd4 29. f3 Bg7 30. Bd2 Ra2 31. Bg5 Qe5 32. Bh6 Nxf3+ 33. Bxf3 Qd4+
34. Kh1 Bxh6 35. Qxh6 Rxf3 36. Re1 Qe4 0-1

[Event "SERBIA CHESS OPEN 2021 - MASTERS"]
[Site "Belgrade, Hotel Metropol"]
[Date "2021.07.02"]
[Round "1.22"]
[White "Fernandez Lledo, Javier"]
[Black "Perunovic, Milos"]
[Result "0-1"]
[WhiteElo "2288"]
[BlackElo "2567"]
[PlyCount "70"]
[EventDate "2021.??.??"]

1. e4 c5 2. Nf3 Nc6 3. d4 cxd4 4. Nxd4 Qc7 5. Nc3 e6 6. f4 a6 7. Nxc6 bxc6 8.
Bd3 d5 9. O-O Nf6 10. Qe2 Be7 11. Kh1 c5 12. b3 Bb7 13. Bd2 O-O 14. e5 Nd7 15.
Nd1 c4 16. bxc4 dxc4 17. Bxc4 Rfd8 18. Rb1 Nc5 19. f5 Qc6 20. Be3 Rac8 21. f6
Bf8 22. Rf4 g6 23. Rh4 Nd7 24. Bb3 Ba8 25. Bd4 Nc5 26. Ne3 Ne4 27. Rd1 Nc3 28.
Bxc3 Qxc3 29. Nc4 Rxd1+ 30. Qxd1 Rd8 31. Qf1 Bc5 32. Rg4 Qh3 33. Rg3 Qf5 34.
Qc1 Qf2 35. Nb2 Rd2 0-1

[Event "SERBIA CHESS OPEN 2021 - MASTERS"]
[Site "Belgrade, Hotel Metropol"]
[Date "2021.07.02"]
[Round "1.23"]
[White "Kadric, Denis"]
[Black "Heinemann, Josefine"]
[Result "1/2-1/2"]
[WhiteElo "2564"]
[BlackElo "2285"]
[PlyCount "120"]
[EventDate "2021.??.??"]

1. e4 c5 2. Nc3 d6 3. Nge2 Nf6 4. g3 g6 5. Bg2 Bg7 6. O-O Nc6 7. d3 O-O 8. h3
Rb8 9. f4 e6 10. g4 b5 11. Ng3 Nd4 12. Nce2 Nxe2+ 13. Qxe2 Nd7 14. g5 Bb7 15.
h4 f6 16. c3 Qe7 17. Bd2 Nb6 18. Rae1 Rbe8 19. Bc1 a5 20. Qd1 Qd7 21. gxf6 Rxf6
22. f5 exf5 23. Bh3 Rff8 24. exf5 Be5 25. Kh2 Bc8 26. d4 cxd4 27. cxd4 Bg7 28.
Rxe8 Rxe8 29. Bg2 Rf8 30. fxg6 hxg6 31. Rxf8+ Kxf8 32. Bg5 d5 33. b3 Kg8 34.
Qc2 Qe6 35. Qc5 Bf8 36. Qxb5 Bd6 37. Qxa5 Qg4 38. Qc3 Kh7 39. Qf3 Qxd4 40. Qf7+
Qg7 41. Qxg7+ Kxg7 42. Be3 Bc7 43. Bh3 Bb7 44. Bd4+ Kf7 45. Bg4 Nc8 46. a4 Ne7
47. b4 Nc6 48. Bc5 Ne5 49. Be2 d4 50. Bxd4 Nf3+ 51. Bxf3 Bxf3 52. a5 Ke6 53.
Bc3 Kd5 54. b5 Kc4 55. b6 Bd6 56. Be1 Kb5 57. Kh3 Bxg3 58. Kxg3 Bc6 59. Kf4 Ka6
60. Ke5 Kb7 1/2-1/2

[Event "SERBIA CHESS OPEN 2021 - MASTERS"]
[Site "Belgrade, Hotel Metropol"]
[Date "2021.07.02"]
[Round "1.24"]
[White "Meier, Volker"]
[Black "Suleymanli, Aydin"]
[Result "0-1"]
[WhiteElo "2285"]
[BlackElo "2563"]
[PlyCount "100"]
[EventDate "2021.??.??"]

1. d4 d5 2. c4 e6 3. Nf3 Be7 4. g3 Nf6 5. Bg2 O-O 6. O-O b6 7. b3 Bb7 8. cxd5
exd5 9. Nc3 Na6 10. Bb2 c6 11. Re1 Nc7 12. Qc2 Ne6 13. Rad1 Rc8 14. e4 dxe4 15.
Nxe4 Nd5 16. a3 Rc7 17. h4 g6 18. Ne5 Re8 19. h5 Bf8 20. hxg6 hxg6 21. f4 Bg7
22. Qf2 Nf8 23. Nc3 Rce7 24. Nxd5 cxd5 25. Bf1 Nh7 26. Bb5 Nf6 27. Bxe8 Qxe8
28. a4 Ne4 29. Qg2 f6 30. Nf3 Bc8 31. Ba3 Rb7 32. Nd2 f5 33. Nf3 b5 34. axb5
Qxb5 35. Re3 Rc7 36. Rc1 Rxc1+ 37. Bxc1 Ba6 38. Ne5 g5 39. Kh2 Qb6 40. fxg5
Qxd4 41. Nf3 Qd1 42. Bb2 Bf1 43. Re1 Bxg2 44. Rxd1 Bxf3 45. Rd3 Be2 46. Re3
Bxb2 47. Rxe2 Be5 48. Ra2 d4 49. Rxa7 d3 50. Rd7 Nd6 0-1

[Event "SERBIA CHESS OPEN 2021 - MASTERS"]
[Site "Belgrade, Hotel Metropol"]
[Date "2021.07.02"]
[Round "1.25"]
[White "Sanal, Vahap"]
[Black "Sredojevic, Ivan"]
[Result "1-0"]
[WhiteElo "2556"]
[BlackElo "2284"]
[PlyCount "45"]
[EventDate "2021.??.??"]

1. e4 e6 2. d4 d5 3. Nc3 dxe4 4. Nxe4 Bd7 5. c4 Bc6 6. Nc3 Nf6 7. Be3 Be7 8.
Nf3 Bxf3 9. Qxf3 c6 10. O-O-O Nbd7 11. Kb1 Qc7 12. g4 h6 13. h4 O-O-O 14. Bg2
Rhf8 15. Bf4 Bd6 16. Nb5 Bxf4 17. Nxc7 Bxc7 18. g5 Ne8 19. d5 Ne5 20. Qa3 Nd6
21. dxc6 Nxc6 22. Bxc6 bxc6 23. Qxa7 1-0

[Event "SERBIA CHESS OPEN 2021 - MASTERS"]
[Site "Belgrade, Hotel Metropol"]
[Date "2021.07.02"]
[Round "1.26"]
[White "Kruckenhauser, Arthur"]
[Black "Sadhwani, Raunak"]
[Result "0-1"]
[WhiteElo "2283"]
[BlackElo "2555"]
[PlyCount "34"]
[EventDate "2021.??.??"]

1. e4 e5 2. Nf3 Nc6 3. Bb5 Nge7 4. c3 d5 5. Nxe5 dxe4 6. Qe2 Be6 7. d4 exd3 8.
Nxd3 Ng6 9. Bc4 Qd6 10. Bxe6 fxe6 11. Bg5 Qd5 12. h4 Qxg2 13. Qxe6+ Be7 14. Rf1
Rd8 15. Bxe7 Ncxe7 16. Qe2 Qd5 17. Nb4 Qd6 0-1